000 00660nam a22002417a 4500
001 14449
003 BD-JhCC
005 20251118130025.0
008 251118b |||||||| |||| 00| 0 eng d
020 _a9780141398518
035 _a(BD-JhCC) 14449
040 _aBD-JhCC
_dBD-JhCC
041 _aeng
082 _223
_a910.41
_bHAK
100 _aHakluyt,Richard
245 _aThe voyage of Sir Francis Drake around the whole globe /
_cRichard Hakluyt
260 _a London:
_bPenguin Classics,
_c2015
300 _a51p.;
_c17 cm.
_ePaper
490 _a Penguin Little black classics
_vN,65
650 _aEarly works
650 _aTravel
942 _2ddc
_cBK
999 _c14449
_d14449